[Event "North American-ch UNN"]
[Site "Dulles"]
[Date "2024.12.20"]
[Round "5"]
[White "Diao, Matthew Guo"]
[Black "Shivakumar, Shawnak"]
[Result "0-1"]
[WhiteElo "2173"]
[BlackElo "2324"]
[PlyCount "64"]
[EventDate "2024.12.18"]
[EventType "swiss"]
[EventRounds "9"]
[EventCountry "USA"]
[SourceTitle "CB02_2025"]
[SourceDate "2025.01.08"]
[SourceVersion "1"]
[SourceVersionDate "2025.01.08"]
[SourceQuality "1"]

1. d4 e6 2. c4 b6 3. e4 Bb4+ 4. Bd2 Bxd2+ 5. Qxd2 d5 6. cxd5 exd5 7. exd5 Ne7 8. Bb5+ Nd7 9. Nc3 0-0 10. Bc6 Rb8 11. Nge2 Nf6 12. 0-0 Nfxd5 13. Nxd5 Nxc6 14. Ne3 Ba6 15. Rfd1 Qd6 16. Rac1 Rbe8 17. Ng3 Ne7 18. Qc2 Rc8 19. Ngf5 Nxf5 20. Nxf5 Qf6 21. Qe4 Rfe8 22. Qg4 Be2 23. f3 Bxd1 24. Rxd1 Rcd8 25. Ng3 Qe6 26. Qxe6 Rxe6 27. Rc1 c6 28. Rd1 c5 29. d5 Re5 30. d6 Re6 31. Nf5 g6 32. Ne7+ Kf8 0-1

[Event "North American-ch UNN"]
[Site "Dulles"]
[Date "2024.12.18"]
[Round "2"]
[White "Ho, Carter"]
[Black "Shivakumar, Shawnak"]
[Result "0-1"]
[WhiteElo "2194"]
[BlackElo "2324"]
[PlyCount "66"]
[EventDate "2024.12.18"]
[EventType "swiss"]
[EventRounds "9"]
[EventCountry "USA"]
[SourceTitle "CB02_2025"]
[SourceDate "2025.01.08"]
[SourceVersion "1"]
[SourceVersionDate "2025.01.08"]
[SourceQuality "1"]

1. e4 e6 2. d4 d5 3. Nc3 Nf6 4. e5 Nfd7 5. f4 c5 6. Nf3 Nc6 7. Be3 a6 8. a3 Be7 9. Qd2 0-0 10. dxc5 Bxc5 11. 0-0-0 b5 12. Bxc5 Nxc5 13. Nd4 Bd7 14. Nxc6 Bxc6 15. Qd4 Qe7 16. g4 Rfb8 17. f5 b4 18. f6 Qf8 19. fxg7 Qe7 20. Nb1 bxa3 21. Nxa3 Na4 22. Nb1 Rxb2 23. Kd2 Qg5+ 24. Ke1 Rab8 25. h4 Qxg7 26. Nd2 R2b4 27. c4 dxc4 28. Rh2 c3 29. Nc4 Bd5 30. Rc2 Nb2 31. Rxc3 Nxd1 32. Kxd1 Rb1+ 33. Kc2 Rxf1 0-1

[Event "Copenhagen Obro CXU op"]
[Site "Copenhagen"]
[Date "2024.07.24"]
[Round "4"]
[White "Rakshitta, Ravi"]
[Black "Shivakumar, Shawnak"]
[Result "1-0"]
[WhiteElo "2308"]
[BlackElo "2323"]
[PlyCount "63"]
[EventDate "2024.07.22"]
[EventType "swiss"]
[EventRounds "9"]
[EventCountry "DEN"]
[SourceTitle "CBM 221 Extra"]
[Source "ChessBase"]
[SourceDate "2024.09.30"]
[SourceVersion "1"]
[SourceVersionDate "2024.09.30"]
[SourceQuality "1"]

1. e4 e6 2. d4 d5 3. Nc3 Nf6 4. e5 Nfd7 5. Nce2 c5 6. c3 Nc6 7. Nf3 Qb6 8. a3 a5 9. h4 f6 10. exf6 Nxf6 11. g3 cxd4 12. cxd4 e5 13. Nxe5 Nxe5 14. dxe5 Ng4 15. Nd4 Bc5 16. Bb5+ Kd8 17. Bg5+ Kc7 18. Rc1 Kb8 19. Rxc5 Qxc5 20. e6 Bxe6 21. 0-0 Qc8 22. Qd2 Ra7 23. Rc1 Qg8 24. Nc6+ bxc6 25. Bf4+ Kc8 26. Rxc6+ Kd8 27. Qd4 Re7 28. Qb6+ Ke8 29. Rxe6+ Kf7 30. Rxe7+ Kxe7 31. Qd6+ Kf7 32. Qxd5+ 1-0

[Event "Pan American-ch U18 34th"]
[Site "Orlando"]
[Date "2024.07.16"]
[Round "3"]
[White "Shivakumar, Shawnak"]
[Black "Keleberda, Timur"]
[Result "0-1"]
[WhiteElo "2323"]
[BlackElo "2222"]
[PlyCount "100"]
[EventDate "2024.07.15"]
[EventType "swiss"]
[EventRounds "9"]
[EventCountry "USA"]
[SourceTitle "EXT 2025"]
[Source "ChessBase"]
[SourceDate "2024.10.14"]
[SourceVersion "1"]
[SourceVersionDate "2024.10.14"]
[SourceQuality "1"]

1. Nf3 Nf6 2. c4 c5 3. Nc3 Nc6 4. e3 e6 5. d4 cxd4 6. exd4 d5 7. c5 Ne4 8. Bd3 f5 9. Bb5 Bd7 10. Bxc6 Bxc6 11. Ne5 g6 12. Qb3 Bg7 13. Nxe4 Bxe5 14. Bg5 Qa5+ 15. Bd2 Qa6 16. Ng5 Bf6 17. Qe3 0-0 18. Nf3 Rae8 19. Bc3 b6 20. cxb6 axb6 21. a4 Bb5 22. Ra3 Bc4 23. Ne5 f4 24. Qf3 Bxe5 25. dxe5 Rc8 26. Kd2 d4 27. Bb4 Be2 28. Qb3 Rfe8 29. h4 f3 30. gxf3 Rc4 31. Raa1 Rxb4 32. Qxb4 Qd3+ 33. Ke1 Bxf3 34. Qb5 Qxb5 35. axb5 Bxh1 36. Ra4 Rd8 37. Ra6 Rb8 38. Ra4 Bd5 39. Rxd4 Rc8 40. Kd2 Rc4 41. Rd3 Rxh4 42. Ra3 Rb4 43. Kc3 Rxb5 44. b4 h5 45. Ra7 h4 46. Rc7 h3 47. Rc8+ Kg7 48. Rc7+ Kh6 49. Rc8 Kg5 50. Rh8 Bg2 0-1

[Event "San Jose 1000 GM Independence Day 2"]
[Site "San Jose"]
[Date "2024.07.12"]
[Round "9"]
[White "Shivakumar, Shawnak"]
[Black "Grigoryan, Karen H"]
[Result "0-1"]
[WhiteElo "2323"]
[BlackElo "2573"]
[PlyCount "70"]
[EventDate "2024.07.08"]
[EventType "tourn"]
[EventRounds "9"]
[EventCountry "USA"]
[EventCategory "6"]
[SourceTitle "CBM 221 Extra"]
[Source "ChessBase"]
[SourceDate "2024.09.30"]
[SourceVersion "1"]
[SourceVersionDate "2024.09.30"]
[SourceQuality "1"]

1. d4 g6 2. e4 Bg7 3. Nc3 d6 4. f4 a6 5. Nf3 b5 6. Bd3 Bb7 7. 0-0 Nd7 8. e5 c5 9. Be4 Bxe4 10. Nxe4 cxd4 11. e6 fxe6 12. Nfg5 Nf8 13. a4 b4 14. g4 Qc8 15. Qd3 Nf6 16. h3 h5 17. gxh5 Rxh5 18. Bd2 Nxe4 19. Qxe4 Bf6 20. Rae1 Rb8 21. Qg2 Bxg5 22. fxg5 e5 23. Re2 Rxh3 24. Ref2 Rh8 25. Qe4 Qb7 26. Rxf8+ Rxf8 27. Rxf8+ Kxf8 28. Qxg6 Qf3 29. Qh6+ Kf7 30. g6+ Ke6 31. g7+ Kf7 32. Qh8 Qd1+ 33. Kf2 Qxd2+ 34. Kf1 Qf4+ 35. Ke1 Rg8 0-1

[Event "San Jose 1000 GM Independence Day 2"]
[Site "San Jose"]
[Date "2024.07.11"]
[Round "6"]
[White "Shivakumar, Shawnak"]
[Black "Martinez Romero, Martin"]
[Result "0-1"]
[WhiteElo "2323"]
[BlackElo "2403"]
[PlyCount "74"]
[EventDate "2024.07.08"]
[EventType "tourn"]
[EventRounds "9"]
[EventCountry "USA"]
[EventCategory "6"]
[SourceTitle "CBM 221 Extra"]
[Source "ChessBase"]
[SourceDate "2024.09.30"]
[SourceVersion "1"]
[SourceVersionDate "2024.09.30"]
[SourceQuality "1"]

1. d4 Nf6 2. Nf3 g6 3. c4 Bg7 4. g3 0-0 5. Bg2 d6 6. 0-0 Nbd7 7. Nc3 e5 8. e4 exd4 9. Nxd4 Re8 10. Be3 Nc5 11. f3 a5 12. Ndb5 Nfd7 13. Qd2 Ne5 14. b3 a4 15. Rad1 axb3 16. Bxc5 bxa2 17. Bd4 Be6 18. Nxa2 Bxc4 19. Nbc3 c5 20. Bxe5 Bxe5 21. Rf2 Ra3 22. Qc1 Qa5 23. Nb1 Ra4 24. Nac3 Ra1 25. Bf1 Bb3 26. Rdd2 b5 27. Nxb5 Rb8 28. f4 Bf6 29. e5 dxe5 30. fxe5 Bg5 31. Qc3 Rxb5 32. e6 Bxe6 33. Qe5 Bxd2 34. Nxd2 c4 35. Qf6 Rf5 36. Nxc4 Rxf6 37. Nxa5 Rxf2 0-1

[Event "San Jose 1000 GM Independence Day 2"]
[Site "San Jose"]
[Date "2024.07.10"]
[Round "4"]
[White "Shivakumar, Shawnak"]
[Black "Jiang, Lucas"]
[Result "1/2-1/2"]
[WhiteElo "2323"]
[BlackElo "2272"]
[PlyCount "40"]
[EventDate "2024.07.08"]
[EventType "tourn"]
[EventRounds "9"]
[EventCountry "USA"]
[EventCategory "6"]
[SourceTitle "CBM 221 Extra"]
[Source "ChessBase"]
[SourceDate "2024.09.30"]
[SourceVersion "1"]
[SourceVersionDate "2024.09.30"]
[SourceQuality "1"]

1. Nf3 d5 2. e3 Nf6 3. c4 dxc4 4. Bxc4 e6 5. d4 a6 6. Be2 c5 7. 0-0 Nbd7 8. a4 b6 9. b3 Bb7 10. Ba3 Be7 11. Nbd2 0-0 12. dxc5 Bxc5 13. Bxc5 Nxc5 14. Nc4 Nd5 15. Qc2 Qe7 16. Qb2 b5 17. axb5 axb5 18. Na5 b4 19. Nxb7 Qxb7 20. h3 h6 1/2-1/2

[Event "San Jose 1000 GM 07"]
[Site "San Jose"]
[Date "2024.07.04"]
[Round "3"]
[White "Sivakumar, Shaaketh"]
[Black "Shivakumar, Shawnak"]
[Result "1/2-1/2"]
[WhiteElo "2368"]
[BlackElo "2323"]
[PlyCount "216"]
[EventDate "2024.07.03"]
[EventType "tourn"]
[EventRounds "9"]
[EventCountry "USA"]
[EventCategory "6"]
[SourceTitle "CBM 221 Extra"]
[Source "ChessBase"]
[SourceDate "2024.09.30"]
[SourceVersion "1"]
[SourceVersionDate "2024.09.30"]
[SourceQuality "1"]

1. Nf3 d5 2. d4 c5 3. c3 Nf6 4. Bf4 Nc6 5. e3 Qb6 6. Qb3 c4 7. Qc2 Bf5 8. Qc1 Nh5 9. Bg3 Nxg3 10. hxg3 g6 11. Nbd2 Bg7 12. Nh4 Bg4 13. e4 e6 14. f3 g5 15. fxg4 gxh4 16. gxh4 Qc7 17. Rh3 b5 18. Rf3 Qh2 19. g3 0-0 20. Be2 dxe4 21. Nf1 Qg1 22. Rf2 Rad8 23. h5 h6 24. g5 e3 25. Qxe3 Nxd4 26. cxd4 Bxd4 27. Qf3 Bb6 28. b4 cxb3 29. axb3 Bc5 30. Bxb5 Rd5 31. Raa2 Bxf2+ 32. Rxf2 Rxb5 33. gxh6 Re5+ 34. Kd2 f5 35. Kc3 Re4 36. Kb2 Rc8 37. Ka3 Kh7 38. Kb2 Kxh6 39. Ka3 Kh7 40. h6 Kxh6 41. g4 Rxg4 42. Qe3+ Kg7 43. Qe5+ Kf7 44. Rxf5+ exf5 45. Qxf5+ Kg7 46. Qd7+ Kh6 47. Qxc8 Qd4 48. Qc1+ Rg5 49. Qc6+ Rg6 50. Qh1+ Kg7 51. Qb7+ Kh6 52. Qh1+ Kg7 53. Qb7+ Kf8 54. Qc8+ Ke7 55. Qc7+ Ke6 56. Qc8+ Qd7 57. Qc4+ Qd5 58. Qc8+ Qd7 59. Qc4+ Qd5 60. Qc8+ Kf7 61. Qc7+ Ke8 62. Qb8+ Qd8 63. Qb5+ Qd7 64. Qb8+ Kf7 65. Qf4+ Kg8 66. Qc4+ Kh7 67. b4 Qh3+ 68. Ka4 Qd7+ 69. Ka3 Qe7 70. Ka4 Qe5 71. Kb3 Kg7 72. Qc3 Qxc3+ 73. Kxc3 Kf6 74. Kc4 Ke5 75. Ne3 Ke4 76. Nd1 Rc6+ 77. Kb3 Kd4 78. Nb2 Rh6 79. Ka4 Rh5 80. Kb3 Rf5 81. Ka4 Re5 82. b5 Re2 83. Kb3 Re3+ 84. Kb4 Re1 85. Na4 Rb1+ 86. Ka5 Ra1 87. Kb4 Rb1+ 88. Ka5 Kc4 89. b6 axb6+ 90. Nxb6+ Kc5 91. Na4+ Kc4 92. Nb6+ Kd4 93. Na4 Rb3 94. Ka6 Kd5 95. Nb6+ Kc6 96. Na4 Rb5 97. Nc3 Re5 98. Na4 Re4 99. Ka5 Rc4 100. Nb2 Rc2 101. Na4 Rh2 102. Kb4 Rh4+ 103. Kb3 Kb5 104. Nc3+ Kc5 105. Na4+ Kd4 106. Kb4 Rh8 107. Nb6 Ra8 108. Nxa8 Kd5 1/2-1/2

[Event "Las Vegas 1000 GM June IM-B"]
[Site "Las Vegas"]
[Date "2024.06.12"]
[Round "5"]
[White "Shivakumar, Shawnak"]
[Black "Nyzhnyk, Illya"]
[Result "1/2-1/2"]
[WhiteElo "2315"]
[BlackElo "2576"]
[PlyCount "52"]
[EventDate "2024.06.10"]
[EventType "tourn"]
[EventRounds "9"]
[EventCountry "USA"]
[EventCategory "2"]
[SourceTitle "CBM 220 Extra"]
[Source "ChessBase"]
[SourceDate "2024.07.31"]
[SourceVersion "1"]
[SourceVersionDate "2024.07.31"]
[SourceQuality "1"]

1. d4 d5 2. c4 c6 3. cxd5 cxd5 4. Nc3 Nf6 5. Bf4 Nc6 6. e3 a6 7. Bd3 Bg4 8. Nge2 e6 9. 0-0 Be7 10. Rc1 0-0 11. a3 Rc8 12. Na4 Nd7 13. b4 e5 14. dxe5 Ncxe5 15. Rxc8 Qxc8 16. Bxe5 Nxe5 17. Nb6 Qe6 18. Nxd5 Rd8 19. e4 Nf3+ 20. gxf3 Bxf3 21. Nxe7+ Qxe7 22. Qd2 Qd7 23. Rc1 Bxe4 24. Nf4 g5 25. Ne6 Qxe6 26. Qxg5+ Qg6 1/2-1/2

[Event "San Francisco 1000 GM Memorial Day"]
[Site "San Francisco"]
[Date "2024.05.25"]
[Round "5"]
[White "Shivakumar, Shawnak"]
[Black "Griffith, Kyron"]
[Result "0-1"]
[WhiteElo "2317"]
[BlackElo "2384"]
[PlyCount "38"]
[EventDate "2024.05.23"]
[EventType "swiss"]
[EventRounds "9"]
[EventCountry "USA"]
[SourceTitle "CBM 220 Extra"]
[Source "ChessBase"]
[SourceDate "2024.07.31"]
[SourceVersion "1"]
[SourceVersionDate "2024.07.31"]
[SourceQuality "1"]

1. d4 Nf6 2. Nf3 d5 3. c4 e6 4. g3 dxc4 5. Bg2 Bb4+ 6. Bd2 a5 7. Qc2 c5 8. dxc5 Bxc5 9. Na3 Nbd7 10. Nxc4 0-0 11. a4 Ra7 12. e4 b5 13. axb5 Bb7 14. e5 Be4 15. Qb3 a4 16. Rxa4 Bxf2+ 17. Kxf2 Ng4+ 18. Ke2 Nc5 19. Qa3 Rxa4 0-1

[Event "Sunnyvale 1000 GM Winter 01"]
[Site "Sunnyvale"]
[Date "2024.01.06"]
[Round "9"]
[White "Shivakumar, Shawnak"]
[Black "Mosquera Klinger, Miguel Alonso"]
[Result "1/2-1/2"]
[WhiteElo "2307"]
[BlackElo "2365"]
[PlyCount "67"]
[EventDate "2024.01.02"]
[EventType "schev"]
[EventRounds "9"]
[EventCountry "USA"]
[SourceTitle "CBM 218 Extra"]
[Source "ChessBase"]
[SourceDate "2024.03.31"]
[SourceVersion "1"]
[SourceVersionDate "2024.03.31"]
[SourceQuality "1"]

1. d4 d5 2. c4 c6 3. Nf3 Nf6 4. Nc3 dxc4 5. a4 Bf5 6. Ne5 e6 7. f3 Bb4 8. e4 Bxe4 9. fxe4 Nxe4 10. Bd2 Qxd4 11. Nxe4 Qxe4+ 12. Qe2 Bxd2+ 13. Kxd2 Qd4+ 14. Kc2 Na6 15. Rd1 Qc5 16. Qe4 Nb4+ 17. Kb1 c3 18. Bd3 0-0-0 19. Bc2 Nxc2 20. Kxc2 cxb2+ 21. Kxb2 f5 22. Nd3 Qb6+ 23. Qb4 Qxb4+ 24. Nxb4 e5 25. Kc3 Kc7 26. Rde1 e4 27. g4 g6 28. gxf5 gxf5 29. Rhf1 Rhf8 30. Nc2 Kd6 31. Nd4 Ke5 32. Nf3+ Kf6 33. Nd4 Ke5 34. Nf3+ 1/2-1/2

[Event "Sunnyvale 1000 GM Winter 01"]
[Site "Sunnyvale"]
[Date "2024.01.05"]
[Round "7"]
[White "Delgado Ramirez, Neuris"]
[Black "Shivakumar, Shawnak"]
[Result "1-0"]
[WhiteElo "2517"]
[BlackElo "2307"]
[PlyCount "93"]
[EventDate "2024.01.02"]
[EventType "schev"]
[EventRounds "9"]
[EventCountry "USA"]
[SourceTitle "CBM 218 Extra"]
[Source "ChessBase"]
[SourceDate "2024.03.31"]
[SourceVersion "1"]
[SourceVersionDate "2024.03.31"]
[SourceQuality "1"]

1. c4 c6 2. e4 d5 3. cxd5 cxd5 4. exd5 Nf6 5. Nc3 Nxd5 6. Nf3 Nc6 7. Bc4 Nb6 8. Bb3 Bf5 9. d4 e6 10. 0-0 Be7 11. Be3 0-0 12. Ne5 Nxe5 13. dxe5 Qc7 14. Qf3 Qxe5 15. Qxb7 Bd6 16. g3 Bb4 17. Rfe1 Bxc3 18. Bd2 Qf6 19. Bxc3 Qg6 20. Rad1 Bg4 21. Rd4 Qh5 22. Re5 Qg6 23. h4 h6 24. Rg5 hxg5 25. Rxg4 Qb1+ 26. Kg2 Rac8 27. Rxg5 Rxc3 28. bxc3 Nc4 29. Rg4 Nd2 30. Qb5 a6 31. Qxa6 Rd8 32. Rb4 Qe1 33. h5 Rd6 34. Bc2 g6 35. Qb5 Kg7 36. Rd4 Rd5 37. Rxd5 exd5 38. hxg6 Ne4 39. Bxe4 Qxe4+ 40. Kh2 Kxg6 41. a4 Kh5 42. Qb4 Qc2 43. Qd4 Qa2 44. Qf6 Qxa4 45. f3 Qc2+ 46. Kh3 Qg6 47. Qh4# 1-0

[Event "Sunnyvale 1000 GM Winter 01"]
[Site "Sunnyvale"]
[Date "2024.01.02"]
[Round "1"]
[White "Nagy, Gabor"]
[Black "Shivakumar, Shawnak"]
[Result "1/2-1/2"]
[WhiteElo "2450"]
[BlackElo "2307"]
[PlyCount "81"]
[EventDate "2024.01.02"]
[EventType "schev"]
[EventRounds "9"]
[EventCountry "USA"]
[SourceTitle "CBM 218 Extra"]
[Source "ChessBase"]
[SourceDate "2024.03.31"]
[SourceVersion "1"]
[SourceVersionDate "2024.03.31"]
[SourceQuality "1"]

1. d4 d5 2. Nf3 Nf6 3. c4 c6 4. e3 Bf5 5. Nc3 e6 6. Nh4 Bg6 7. Bd2 Nbd7 8. Be2 Be7 9. 0-0 Qc7 10. g3 Ne4 11. Nxg6 Nxc3 12. bxc3 hxg6 13. cxd5 exd5 14. c4 Nf6 15. cxd5 Qd7 16. f3 cxd5 17. Rb1 0-0 18. Qb3 Rab8 19. Rfc1 Rfc8 20. Kg2 Rxc1 21. Rxc1 Rc8 22. Rxc8+ Qxc8 23. Bd3 Qd7 24. a4 g5 25. h3 g6 26. Be1 Bd8 27. Qb5 Qe7 28. Bf2 Bb6 29. Bc2 Qc7 30. Qd3 Qd7 31. e4 g4 32. hxg4 dxe4 33. fxe4 Nxg4 34. Bg1 Nf6 35. Bd1 Qc6 36. Bf3 Qxa4 37. e5 Qa2+ 38. Bf2 Nd7 39. Bxb7 Nxe5 40. Qe4 Nc4 41. Qf4 1/2-1/2

[Event "Sunnyvale 1000 IM Winter 12"]
[Site "Sunnyvale"]
[Date "2023.12.28"]
[Round "4"]
[White "Shivakumar, Shawnak"]
[Black "Calderin Gonzalez, Roberto"]
[Result "0-1"]
[WhiteElo "2307"]
[BlackElo "2413"]
[PlyCount "108"]
[EventDate "2023.12.26"]
[EventType "schev"]
[EventRounds "9"]
[EventCountry "USA"]
[SourceTitle "CBM 217 Extra"]
[Source "ChessBase"]
[SourceDate "2024.01.31"]
[SourceVersion "1"]
[SourceVersionDate "2024.01.31"]
[SourceQuality "1"]

1. d4 d5 2. c4 e6 3. Nc3 c5 4. cxd5 exd5 5. Nf3 Nc6 6. dxc5 Nf6 7. Be3 Ng4 8. Bd4 Qa5 9. e3 Bxc5 10. Bxc5 Qxc5 11. Qd3 Qe7 12. Qxd5 Bd7 13. Qe4 Be6 14. Bb5 0-0 15. 0-0 Nf6 16. Qf4 Rac8 17. Rfd1 a6 18. Be2 Rfd8 19. Ng5 b5 20. Bf3 h6 21. Rxd8+ Nxd8 22. Nge4 Nxe4 23. Qxe4 Qc5 24. Qd4 Qxd4 25. exd4 b4 26. Na4 Bxa2 27. h3 b3 28. Rd1 Rc4 29. Nc5 Rc2 30. Nxa6 Rxb2 31. Nb4 Rb1 32. Nd3 Ne6 33. d5 Nd4 34. Rxb1 Nxf3+ 35. gxf3 Bxb1 36. Nb2 Kf8 37. Kf1 Ke7 38. Ke2 Kd6 39. Ke3 Kxd5 40. h4 Bg6 41. Kd2 Kd4 42. Nd1 Bf5 43. Nb2 g5 44. hxg5 h5 45. Nd1 h4 46. Ne3 Be6 47. Nf1 h3 48. Ng3 h2 49. f4 Bd5 50. f5 h1Q 51. Nxh1 Bxh1 52. g6 f6 53. f4 Be4 54. g7 Bd5 0-1

[Event "Sunnyvale 1000 IM Winter 12"]
[Site "Sunnyvale"]
[Date "2023.12.27"]
[Round "3"]
[White "Stopa, Jacek"]
[Black "Shivakumar, Shawnak"]
[Result "1-0"]
[WhiteElo "2350"]
[BlackElo "2307"]
[PlyCount "93"]
[EventDate "2023.12.26"]
[EventType "schev"]
[EventRounds "9"]
[EventCountry "USA"]
[SourceTitle "CBM 217 Extra"]
[Source "ChessBase"]
[SourceDate "2024.01.31"]
[SourceVersion "1"]
[SourceVersionDate "2024.01.31"]
[SourceQuality "1"]

1. d4 d5 2. c4 c6 3. Nf3 Nf6 4. Qc2 dxc4 5. Qxc4 Bf5 6. Bf4 e6 7. e3 Qb6 8. Qc1 Nd5 9. Bxb8 Rxb8 10. Nc3 Qa5 11. a3 Nxc3 12. Qxc3 Qxc3+ 13. bxc3 Bd6 14. Kd2 c5 15. Bd3 cxd4 16. cxd4 Bxd3 17. Kxd3 Kd7 18. a4 Rhc8 19. Rhb1 Rc7 20. Ng5 f6 21. Ne4 b6 22. Rb3 Rbc8 23. a5 bxa5 24. Rxa5 Be7 25. g4 g6 26. Nc3 f5 27. gxf5 gxf5 28. Ra6 Rg8 29. f4 Rg2 30. h3 Rh2 31. Rb8 h5 32. Nb5 Rb2 33. Nxc7 Rxb8 34. Nxe6 Rb3+ 35. Ke2 Rb2+ 36. Kd3 Rb3+ 37. Kd2 Bb4+ 38. Ke2 Rb2+ 39. Kd3 Rb3+ 40. Ke2 Rb2+ 41. Kf3 Be1 42. Nc5+ Kc7 43. Nd3 Kb7 44. Ra1 Rh2 45. Rxe1 Rxh3+ 46. Kg2 Rh4 47. Ne5 1-0

[Event "Sunnyvale 1000 GM Thanksgiving GM"]
[Site "Sunnyvale"]
[Date "2023.11.24"]
[Round "5"]
[White "Shivakumar, Shawnak"]
[Black "Delgado Ramirez, Neuris"]
[Result "0-1"]
[WhiteElo "2320"]
[BlackElo "2515"]
[PlyCount "108"]
[EventDate "2023.11.22"]
[EventType "schev"]
[EventRounds "9"]
[EventCountry "USA"]
[SourceTitle "CBM 217 Extra"]
[Source "ChessBase"]
[SourceDate "2024.01.31"]
[SourceVersion "1"]
[SourceVersionDate "2024.01.31"]
[SourceQuality "1"]

1. d4 Nf6 2. Bg5 e6 3. e4 h6 4. Bxf6 Qxf6 5. Nc3 Bb4 6. Qd3 b6 7. e5 Qd8 8. 0-0-0 Bxc3 9. Qxc3 Bb7 10. f4 Nc6 11. Be2 Qe7 12. a3 0-0-0 13. Bf3 Kb8 14. Ne2 d5 15. exd6 Rxd6 16. d5 exd5 17. Qxg7 Re8 18. Rhe1 Rg6 19. Qc3 Re6 20. Rf1 Re3 21. Qg7 Rxf3 22. gxf3 Qxe2 23. Rfe1 Qxe1 24. Rxe1 Rxe1+ 25. Kd2 Rf1 26. Qxh6 Rf2+ 27. Kd1 Na5 28. b3 d4 29. Qh8+ Bc8 30. h4 Rh2 31. h5 Kb7 32. Qh7 d3 33. cxd3 Nxb3 34. Qxf7 Rh1+ 35. Ke2 Be6 36. Qg6 Nd4+ 37. Kf2 Rh2+ 38. Kg3 Re2 39. f5 Nxf5+ 40. Kf4 Nd6 41. h6 Bf5 42. Qg8 Rh2 43. Qd5+ Kc8 44. Kg5 Kd7 45. f4 c6 46. Qf3 Be6 47. Kg6 Nf5 48. Qe4 Rxh6+ 49. Kg5 Rh7 50. Qa4 Kd6 51. Qb4+ c5 52. Qe1 Ke7 53. Qe5 Rg7+ 54. Kh5 Kd7 0-1

[Event "Sunnyvale 1000 GM Thanksgiving GM"]
[Site "Sunnyvale"]
[Date "2023.11.24"]
[Round "4"]
[White "Stopa, Jacek"]
[Black "Shivakumar, Shawnak"]
[Result "1-0"]
[WhiteElo "2351"]
[BlackElo "2320"]
[PlyCount "57"]
[EventDate "2023.11.22"]
[EventType "schev"]
[EventRounds "9"]
[EventCountry "USA"]
[SourceTitle "CBM 217 Extra"]
[Source "ChessBase"]
[SourceDate "2024.01.31"]
[SourceVersion "1"]
[SourceVersionDate "2024.01.31"]
[SourceQuality "1"]

1. d4 d5 2. c4 c6 3. Nf3 Nf6 4. e3 e6 5. b3 Nbd7 6. Bb2 Bd6 7. Bd3 Qe7 8. Ne5 Nxe5 9. dxe5 Bb4+ 10. Nd2 Nd7 11. 0-0 f6 12. Nf3 Ba5 13. exf6 Nxf6 14. Ne5 Bc7 15. f4 0-0 16. Rf3 Rd8 17. Rh3 h6 18. Qc2 c5 19. Bg6 Bxe5 20. fxe5 Ng4 21. Bh5 Qg5 22. Qe2 Nxe5 23. Rg3 Qf5 24. Rf1 Qe4 25. Bf3 Nxf3+ 26. Qxf3 Qxf3 27. Rxg7+ Kf8 28. Rxf3+ Ke8 29. Rg8+ 1-0

[Event "Sunnyvale Silicon Valley Fall op"]
[Site "Sunnyvale"]
[Date "2023.08.31"]
[Round "1"]
[White "Pullela, Sricharan"]
[Black "Shivakumar, Shawnak"]
[Result "1-0"]
[WhiteElo "1982"]
[BlackElo "2346"]
[PlyCount "131"]
[EventDate "2023.08.31"]
[EventType "swiss"]
[EventRounds "7"]
[EventCountry "USA"]
[SourceTitle "CBM 216 Extra"]
[Source "ChessBase"]
[SourceDate "2023.11.30"]
[SourceVersion "1"]
[SourceVersionDate "2023.11.30"]
[SourceQuality "1"]

1. Nf3 d5 2. g3 Nf6 3. Bg2 c5 4. d3 g6 5. 0-0 Bg7 6. c4 0-0 7. Nc3 Nc6 8. cxd5 Nxd5 9. Bd2 e6 10. Rc1 b6 11. a3 Bb7 12. Qa4 a5 13. Qb3 h6 14. Rfd1 Rb8 15. e3 Kh7 16. Be1 Nde7 17. Nb5 e5 18. Bc3 Nf5 19. h3 Qd7 20. g4 Nfe7 21. d4 cxd4 22. exd4 a4 23. dxe5 Nd4 24. Qc4 Bxf3 25. Rxd4 Qb7 26. Bxf3 Qxf3 27. Rd3 Qa8 28. Rcd1 Rbc8 29. Qf4 Rc5 30. Nd6 Nd5 31. Qf3 Nxc3 32. Rxc3 Qxf3 33. Rxf3 Rxe5 34. Nc4 Rb5 35. Rd6 Rc5 36. Nxb6 h5 37. gxh5 Rxh5 38. Nxa4 Ra5 39. Nc3 Re8 40. Rd1 Rg5+ 41. Kf1 Kg8 42. b4 Ra8 43. Ne4 Re5 44. Nc5 Re7 45. a4 Rc7 46. Rd7 Rxd7 47. Nxd7 Rxa4 48. Rb3 Bd4 49. b5 Ra7 50. Nb8 Bb6 51. Nc6 Ra1+ 52. Kg2 Ra2 53. Ne7+ Kf8 54. Nd5 Bxf2 55. Kf3 Bc5 56. b6 Rf2+ 57. Ke4 Re2+ 58. Kf3 Rf2+ 59. Ke4 Re2+ 60. Kd3 Re8 61. Kc4 Bd6 62. Kb5 Rc8 63. Rd3 f5 64. b7 Rc2 65. Nb4 Rc5+ 66. Kb6 1-0

[Event "Sunnyvale 1000 GM Schev 07"]
[Site "Sunnyvale"]
[Date "2023.07.31"]
[Round "6"]
[White "Maass Garza, Gustavo"]
[Black "Shivakumar, Shawnak"]
[Result "1-0"]
[WhiteElo "2244"]
[BlackElo "2387"]
[PlyCount "97"]
[EventDate "2023.07.28"]
[EventType "schev"]
[EventRounds "9"]
[EventCountry "USA"]
[SourceTitle "EXT 2024"]
[Source "ChessBase"]
[SourceDate "2023.10.10"]
[SourceVersion "1"]
[SourceVersionDate "2023.10.10"]
[SourceQuality "1"]

1. e4 c5 2. Nf3 d6 3. c3 Nf6 4. Qc2 Qc7 5. Be2 g6 6. 0-0 Bg7 7. d4 cxd4 8. Nxd4 0-0 9. Bg5 a6 10. Bf3 Ng4 11. h3 Ne5 12. Be2 h6 13. Be3 b5 14. Nd2 Nec6 15. N2f3 Bd7 16. Qd2 Kh7 17. Rac1 Na5 18. b3 e5 19. Nc2 f5 20. Qd3 Bc6 21. exf5 e4 22. fxg6+ Kh8 23. Qd2 exf3 24. Bd4 Kg8 25. Bd3 Nd7 26. Bxg7 Kxg7 27. Nd4 Rae8 28. Nf5+ Rxf5 29. Bxf5 fxg2 30. Rfe1 Ne5 31. Qd4 Qe7 32. f4 Qf6 33. fxe5 Qxf5 34. exd6+ Kxg6 35. Rxe8 Bxe8 36. Qg4+ Qxg4 37. hxg4 Bc6 38. Rd1 Nb7 39. d7 Nd8 40. Re1 Bxd7 41. Rd1 Ne6 42. Rxd7 Nf4 43. c4 bxc4 44. bxc4 Kg5 45. c5 Kh4 46. Kh2 Kxg4 47. c6 Kf3 48. Rf7 Kf2 49. Rxf4+ 1-0

[Event "Sunnyvale 1000 GM Schev 07"]
[Site "Sunnyvale"]
[Date "2023.07.30"]
[Round "5"]
[White "Rivera, Ingris"]
[Black "Shivakumar, Shawnak"]
[Result "1-0"]
[WhiteElo "2240"]
[BlackElo "2387"]
[PlyCount "92"]
[EventDate "2023.07.28"]
[EventType "schev"]
[EventRounds "9"]
[EventCountry "USA"]
[SourceTitle "CBM 215 Extra"]
[Source "ChessBase"]
[SourceDate "2023.09.30"]
[SourceVersion "1"]
[SourceVersionDate "2023.09.30"]
[SourceQuality "1"]

1. d4 d5 2. c4 c6 3. Nc3 dxc4 4. a4 e5 5. e3 exd4 6. exd4 Be6 7. Nf3 Bd6 8. Be2 Nf6 9. Bg5 h6 10. Bh4 Nbd7 11. 0-0 Qc7 12. a5 0-0 13. Qa4 b5 14. axb6 Nxb6 15. Qc2 g5 16. Bg3 a6 17. Na4 Bxg3 18. hxg3 Nfd7 19. Nc5 Bd5 20. Nxa6 Qd6 21. Nd2 Qe6 22. Bf3 Qf6 23. Qc3 Ra7 24. Ra3 Rfa8 25. Rfa1 Qe7 26. Nf1 Nf6 27. Ne3 Bxf3 28. gxf3 Nfd5 29. Nxd5 cxd5 30. Kg2 Qf6 31. Ra5 Kg7 32. Nc5 Rxa5 33. Rxa5 Rxa5 34. Qxa5 h5 35. Qd2 Nc8 36. Na4 Ne7 37. Nc3 Kg6 38. Qd1 h4 39. f4 hxg3 40. fxg3 Nf5 41. Qd2 g4 42. Qe2 Qxd4 43. Qxg4+ Kf6 44. Qf3 Ne3+ 45. Qxe3 Qxe3 46. Nxd5+ Ke6 1-0